[Event "Tarragona Province-ch"]
[Site "Hospitalet de l'Infant"]
[Date "2013.10.27"]
[Round "4"]
[White "Sanchez Bernardino, Miguel Angel"]
[Black "Latre Ferrer, Jose Antonio"]
[Result "1-0"]
[WhiteElo "2029"]
[BlackElo "1905"]
[PlyCount "63"]
[EventDate "2013.10.06"]
[EventType "swiss"]
[EventRounds "9"]
[EventCountry "ESP"]
[SourceTitle "EXT 2017"]
[Source "ChessBase"]
[SourceDate "2016.10.25"]
[SourceVersion "1"]
[SourceVersionDate "2016.10.25"]
[SourceQuality "1"]

1. e4 e6 2. d4 d5 3. e5 c5 4. c3 Qb6 5. Nf3 Bd7 6. Be2 Bb5 7. 0-0 Bxe2 8. Qxe2 Ne7 9. Rd1 Nbc6 10. Nbd2 cxd4 11. cxd4 a5 12. Nf1 Nf5 13. Ng3 Nxg3 14. hxg3 Be7 15. Be3 Rc8 16. g4 h6 17. g3 Kd7 18. Kg2 Nb4 19. Rd2 Qa6 20. Qd1 b5 21. Ne1 Qb7 22. a3 Na6 23. Nd3 Rc6 24. Qf3 Rf8 25. Qe2 Rfc8 26. f4 f6 27. exf6 gxf6 28. f5 e5 29. dxe5 d4 30. Bxh6 Rc2+ 31. Qf3 Rxd2+ 32. Bxd2 1-0

[Event "Tarragona Province-ch"]
[Site "Hospitalet de l'Infant"]
[Date "2013.10.20"]
[Round "3"]
[White "Latre Ferrer, Jose Antonio"]
[Black "Bru Rullo, Llatzer"]
[Result "0-1"]
[WhiteElo "1905"]
[BlackElo "2151"]
[PlyCount "87"]
[EventDate "2013.10.06"]
[EventType "swiss"]
[EventRounds "9"]
[EventCountry "ESP"]
[SourceTitle "EXT 2017"]
[Source "ChessBase"]
[SourceDate "2016.10.25"]
[SourceVersion "1"]
[SourceVersionDate "2016.10.25"]
[SourceQuality "1"]

1. d4 d5 2. c4 e6 3. Nc3 c6 4. cxd5 exd5 5. Nf3 Nf6 6. Bg5 Nbd7 7. e3 Bd6 8. Bd3 Nf8 9. h3 Ng6 10. Qc2 0-0 11. a3 h6 12. Bxf6 Qxf6 13. b4 Re8 14. Kf1 Be6 15. e4 dxe4 16. Nxe4 Qd8 17. Nxd6 Qxd6 18. Bxg6 fxg6 19. Rd1 Rad8 20. Ne5 Bf5 21. Qc4+ Qd5 22. Qxd5+ Rxd5 23. f4 Red8 24. Nf3 Be4 25. Kf2 Bxf3 26. Kxf3 Rxd4 27. Rxd4 Rxd4 28. Ke3 Rd5 29. g4 Kf7 30. Rc1 g5 31. Rc3 Kf6 32. Ke4 gxf4 33. Kxf4 a5 34. bxa5 Rxa5 35. Rb3 Ra4+ 36. Kf3 b5 37. Rc3 Ke5 38. Rxc6 Rxa3+ 39. Kg2 Kf4 40. Rb6 Ra2+ 41. Kf1 Kf3 42. Kg1 Kg3 43. Kf1 Kxh3 44. Rxb5 0-1

[Event "Tarragona Province-ch"]
[Site "Hospitalet de l'Infant"]
[Date "2013.10.13"]
[Round "2"]
[White "Guasch Figuerola, Agusti"]
[Black "Latre Ferrer, Jose Antonio"]
[Result "0-1"]
[WhiteElo "2072"]
[BlackElo "1905"]
[PlyCount "60"]
[EventDate "2013.10.06"]
[EventType "swiss"]
[EventRounds "9"]
[EventCountry "ESP"]
[SourceTitle "EXT 2017"]
[Source "ChessBase"]
[SourceDate "2016.10.25"]
[SourceVersion "1"]
[SourceVersionDate "2016.10.25"]
[SourceQuality "1"]

1. e3 d5 2. d4 Bf5 3. c4 c6 4. cxd5 Bxb1 5. Rxb1 Qxd5 6. b3 e6 7. Nf3 Nf6 8. Bd3 Bb4+ 9. Bd2 Qa5 10. 0-0 Bxd2 11. Nxd2 Nbd7 12. Nc4 Qc7 13. b4 e5 14. Nxe5 Nxe5 15. dxe5 Qxe5 16. b5 c5 17. b6 0-0 18. Qe2 Qe6 19. Bc4 Qc6 20. bxa7 Rxa7 21. Rfd1 b6 22. f3 Rb8 23. e4 Re7 24. Qf2 b5 25. a4 b4 26. a5 Rc8 27. Ra1 Rd7 28. Qe2 Rcd8 29. Rxd7 Qxd7 30. a6 Qd4+ 0-1